000 01332nam a2200373 a 4500
003 AR-BaBNM
005 20251128210256.0
008 082120s2002 ||||||||||||||000 | spa||
020 _a84-277-0991-9
040 _cAR-BaBNM
100 1 _aCallejo de la Vega, María Luz
245 0 0 _aPlanos y mapas
_bactividades interdisciplinares para representar el espacio
250 _a1ª ed.
260 _aMadrid
_bNarcea
_bEspaña. Ministerio de Educación y Ciencia
_c1992
300 _a173 p.
_bil., tablas
490 0 _aMateriales 12-16 para educación secundaria. Geografía, historia y ciencias sociales - Matemáticas
500 _aContiene 3 fascículos: 1: guía para el profesorado p. 7-31
500 _a2: evaluación inicial- evaluación global p. 35-70
500 _a3: orientaciones didácticas y materiales para el alumnado p. 75-174
650 4 _aENSEÑANZA DE LA HISTORIA
650 4 _aENSEÑANZA DE LA GEOGRAFIA
650 4 _aMETODOS DE ENSEÑANZA
650 4 _aENSEÑANZA DE LAS CIENCIAS SOCIALES
650 4 _aENSEÑANZA DE LAS MATEMATICAS
650 4 _aENFOQUE INTERDISCIPLINARIO
650 4 _aMAPAS
650 4 _aMATERIAL DIDACTICO
651 4 _aEspaña
653 _aEDUCACION SECUNDARIA
653 _aINTEGRACION DE AREAS
700 1 _aLlopis, Carmen
942 _cBK
998 _cRaquel
999 _c14743
_d14743